000 00717nam a2200229 a 4500
008
020 _a9789380012469 (pbk.)
049 _aMAIN
090 _aTK7881
_bPAT
100 1 _aPatel, Diliphai Motibhai.
245 1 0 _aIndustrial electronics /
_cDilipbhai Motibhai Patel and Manish Pandya.
260 _aNew Delhi :
_bStudium Press (India) Pvt. Ltd,
_c2011.
300 _axiii, 558 p. :
_bill. ;
_c23 cm.
500 _aIncludes index.
650 0 _aIndustrial electronics.
650 7 _aEngenharia Eletrica E Eletronica
_2larpcal
907 _a.b10322073
_b01-11-12
_c01-11-12
003
005 20230123125502.0
040 _cNUST
942 _cBOOKS
_kTK7881
_mPAT
999 _c142352
_d142352